| 000 | 00341nam a2200097Ia 4500 | ||
|---|---|---|---|
| 008 | 180130s9999 xx 000 0 und d | ||
| 245 |
_cCollins, Lauren _aSecuring the infrastructure |
||
| 260 | _c2013 | ||
| 300 | _aBook title: Computer and information security handbook--Acession number C20545; pages 1001-1014 | ||
| 650 | _aINFORMATION SECURITY | ||
| 999 |
_c354183 _d354183 |
||